|
|
|
|
| LEADER |
01123nam a2200325 a 4500 |
| 001 |
000437099 |
| 003 |
CZ BrMZK |
| 005 |
20060519123618.0 |
| 007 |
ta |
| 008 |
990305s1990 xr f cze d |
| 015 |
|
|
|a cnb000059054
|
| 035 |
|
|
|a (OCoLC)22852598
|
| 040 |
|
|
|a BOA001
|b cze
|
| 041 |
1 |
|
|a cze
|a eng
|b eng
|
| 080 |
|
|
|a 808.50-06(73)
|2 MRF
|
| 100 |
1 |
|
|a Kučera, Karel,
|d 1947-2022
|7 jk01070564
|4 aut
|
| 245 |
1 |
0 |
|a Český jazyk v USA /
|c Karel Kučera
|
| 250 |
|
|
|a 1. vyd.
|
| 260 |
|
|
|a Praha :
|b Univerzita Karlova,
|c 1990
|
| 300 |
|
|
|a 243 s.
|
| 490 |
1 |
|
|a Acta Universitatis Carolinae. Philologica. Monographia ;
|v 108, 1989
|
| 504 |
|
|
|a Obsahuje bibliografii
|
| 546 |
|
|
|a Anglické resumé
|
| 830 |
|
0 |
|a Acta Universitatis Carolinae.
|p Philologica.
|p Monographia
|0 s
|
| 910 |
|
|
|a BOA001
|b 2-0958.188
|b PK-0113.092
|
| 920 |
|
|
|a 000044239
|
| 964 |
|
|
|a Čeština - USA - vývoj - studie
|
| 990 |
|
|
|a BK
|
| 996 |
7 |
|
|b 2619782656
|c 2-0958.188
|l MZK
|r Sklad / do 1 hodiny
|n 4
|w 000437099
|u 000010
|a 1
|e BOA001
|j MZK50
|s A
|
| 996 |
7 |
|
|b 3119985365
|c PK-0113.092
|l MZK
|r Sklad / do 1 hodiny
|n 9
|w 000437099
|u 000020
|a 1
|e BOA001
|j MZK50
|s A
|